LIBRARY & INFORMATION CENTRE, KCAET, TAVANUR

ONLINE PUBLIC ACCESS CATALOGUE (OPAC)

Lyndon Johnson katha / (Record no. 722)

MARC details
000 -LEADER
fixed length control field 00425cam a2200181ua 4500
041 ## - LANGUAGE CODE
Language code of text/sound track or separate title mal
082 ## - DEWEY DECIMAL CLASSIFICATION NUMBER
Classification number 923.2
Item number MOO/LY
100 ## - MAIN ENTRY--AUTHOR NAME
Personal name Mooney, Booth .
245 ## - TITLE STATEMENT
Title Lyndon Johnson katha /
260 ## - PUBLICATION, DISTRIBUTION, ETC. (IMPRINT)
Place of publication Thrissur :
Name of publisher Current Books ,
Year of publication 1965.
300 ## - PHYSICAL DESCRIPTION
Number of Pages 285 ; .
942 ## - ADDED ENTRY ELEMENTS (KOHA)
Koha item type Books
Holdings
Withdrawn status Lost status Damaged status Home library Current library Date acquired Full call number Accession Number Koha item type
Withdrawn     KAUAET KAUAET 07/04/2012 923.2 8648 Books
      KAUAET KAUAET 07/04/2012 923.2 10685 Books
free website counter